Reinventa tu empresa: claves para activar la capacidad emprendedora corporativa y aprovecharse de ello dentro de tu empresa

Na minha lista:
Detalhes bibliográficos
Main Authors: Vilar Estraviz, Iván (Author), Fragueiro Ubeira, Genaro (Author)
Formato: Livro
Idioma:espanhol
Publicado em: Alcalá de Henares Formación Alcalá 2014
Edição:2a. ed
Assuntos:
Tags: Adicionar Tag
Sem tags, seja o primeiro a adicionar uma tag!

MARC

LEADER 00000cam a2200000 a 4500
001 UCE4161
003 CL-VaPUC
008 141009e20140500sp |||||||||||||||||spa|d
020 |a 9788490514726 
082 0 4 |a 658.409  |b VIL  |2 21 
100 0 |a Vilar Estraviz, Iván  |e author  |9 576759 
700 0 |a Fragueiro Ubeira, Genaro  |e author  |9 576760 
245 1 0 |a Reinventa tu empresa: claves para activar la capacidad emprendedora corporativa y aprovecharse de ello dentro de tu empresa 
250 |a 2a. ed 
300 |a 119 p 
942 |c BK 
945 |d 20141009 14:36:00  |a arojas 
260 |a Alcalá de Henares  |b Formación Alcalá  |c 2014 
650 0 |a Inteligencia emocional  |9 430453 
650 0 |a Emprendimiento  |9 553262 
650 7 |a INTELIGENCIA DE NEGOCIOS  |2 CL-VaPUC  |9 576761 
650 0 |a Empresas   |9 255569 
583 |a last modification  |c 20141009 14:36:00  |k Rodrigo Vera 
999 |c 357218  |d 357216 
952 |0 0  |1 0  |3 erb  |4 0  |6 658_409000000000000_VIL_2014  |7 0  |8 A  |9 465078  |a BIBENE  |b BIBENE  |i 5118441  |o 658.409 VIL 2014  |p 5118441  |r 2025-01-15  |w 2019-11-23  |y BK  |z Catalogado en:20141009  |k ICO